Anagrammes - Vocabulaire - Série 06 - Statistiques

Statistiques générales
  • Ce quiz a été pris 84 fois
  • Le résultat moyen est 9 sur 15
Statistiques - réponses
Indice Anagramme Mot % Correct
poisson TOLE lote
96%
habitude TIRE rite
93%
chanteuse VIDA diva
88%
remplacement REVELE releve
82%
temps ENCODES seconde
69%
verdicts SENESCENT sentences
66%
armures ACCAPARES carapaces
65%
valeur MOLARITE moralité
59%
canne INTRO rotin
59%
signes ESPERER reperes
50%
pulvériser POIVRERAS vaporiser
50%
appliquer BARATTER rabattre
38%
mesurent RESTENT sterent
31%
agréable ENTARTAIT attirante
26%
prénom CLIENTES celestin
16%
Aucun quiz correspondant
Distribution des résultats
% des personnes avec chaque résultat
Percentile par nombre de réponses
Votre historique - résultats
Vous n’avez pas pris ce quiz